[Event "GBR-ch105 Major Open"]
[Site "Hull"]
[Date "2018.07.28"]
[Round "1"]
[White "Nelson, Omowale"]
[Black "Milewska, Agnieszka"]
[Result "1-0"]
[WhiteElo "1966"]
[BlackElo "1778"]
[PlyCount "103"]
[EventDate "2018.07.28"]
[EventType "swiss"]
[EventRounds "9"]
[EventCountry "GBR"]
[SourceTitle "CBM 185 Extra"]
[Source "ChessBase"]
[SourceDate "2018.06.29"]
[SourceVersion "1"]
[SourceVersionDate "2018.06.29"]
[SourceQuality "1"]

1. d4 d5 2. c4 e6 3. Nf3 c5 4. g3 Nc6 5. dxc5 Bxc5 6. Bg2 Nf6 7. O-O O-O 8. a3
dxc4 9. Qc2 b5 10. b3 Ba6 11. bxc4 bxc4 12. e3 Rc8 13. Rd1 Qb6 14. Nbd2 Rfd8
15. Bb2 Nd5 16. Ng5 g6 17. Nde4 Be7 18. Rxd5 exd5 19. Nf6+ Bxf6 20. Bxf6 Rd6
21. Rb1 Qc5 22. Ba1 h6 23. Nf3 Qxa3 24. Bc3 Qc5 25. Qa2 Bb5 26. Qa1 Kh7 27. h4
a5 28. h5 a4 29. hxg6+ fxg6 30. Nd4 Nxd4 31. Bxd4 Qc6 32. Qc3 Qd7 33. Be5 Ra6
34. e4 dxe4 35. Bxe4 Bc6 36. Qxc4 Bxe4 37. Qxe4 Rcc6 38. Rb8 Rc8 39. Rb7 Ra7
40. Rxd7+ Rxd7 41. Qxa4 Rf7 42. Qe4 Re8 43. f4 h5 44. Kg2 Rd7 45. Qc6 Red8 46.
Qf6 Kh6 47. Kh3 Ra8 48. g4 Kh7 49. gxh5 Rd3+ 50. Kh4 g5+ 51. fxg5 Ra4+ 52. Bf4
1-0

[Event "GBR-ch105 Major Open"]
[Site "Hull"]
[Date "2018.07.28"]
[Round "1"]
[White "Rocco, Federico"]
[Black "Ramaiya, Anshu"]
[Result "1-0"]
[WhiteElo "2140"]
[BlackElo "1846"]
[PlyCount "119"]
[EventDate "2018.07.28"]
[EventType "swiss"]
[EventRounds "9"]
[EventCountry "GBR"]
[SourceTitle "CBM 185 Extra"]
[Source "ChessBase"]
[SourceDate "2018.06.29"]
[SourceVersion "1"]
[SourceVersionDate "2018.06.29"]
[SourceQuality "1"]

1. e4 c5 2. Nf3 Nc6 3. Bb5 g6 4. Bxc6 dxc6 5. d3 Bg7 6. h3 e5 7. Be3 b6 8. Qd2
Qd6 9. Na3 Be6 10. Ng5 O-O-O 11. g4 Ne7 12. Qc3 f6 13. Nxe6 Qxe6 14. Rg1 h5 15.
Qb3 Qd7 16. Qf7 Rh7 17. O-O-O Rf8 18. Qc4 f5 19. gxf5 gxf5 20. Bg5 Bf6 21. h4
Bxg5+ 22. Rxg5 Kb7 23. Rdg1 Rff7 24. Rxh5 Nc8 25. Rxh7 Rxh7 26. exf5 Qxf5 27.
Qe4 Nd6 28. Qxf5 Nxf5 29. Nc4 Rxh4 30. Nxe5 Rh6 31. Rg5 Rf6 32. Rg6 Rf8 33. f4
Nd4 34. c3 Ne2+ 35. Kd2 Nxf4 36. Rg7+ Kc8 37. Rxa7 Rf6 38. Nd7 Rd6 39. Nxb6+
Kb8 40. Rd7 Rh6 41. Ke3 Ng2+ 42. Ke4 Re6+ 43. Kf5 Re2 44. Nc4 Kc8 45. Rh7 Ne3+
46. Nxe3 Rxe3 47. d4 Re2 48. dxc5 Rxb2 49. Ke5 Rd2 50. c4 Kb8 51. a4 Rd1 52.
Ke6 Rd2 53. a5 Rd1 54. a6 Rd2 55. a7+ Ka8 56. Rd7 Re2+ 57. Kd6 Re6+ 58. Kc7 Re4
59. Kb6 Re8 60. Rb7 1-0

[Event "GBR-ch105 Major Open"]
[Site "Hull"]
[Date "2018.07.28"]
[Round "1"]
[White "Royal, Shreyas"]
[Black "Tomy, Jeff"]
[Result "1-0"]
[WhiteElo "1927"]
[BlackElo "1683"]
[PlyCount "103"]
[EventDate "2018.07.28"]
[EventType "swiss"]
[EventRounds "9"]
[EventCountry "GBR"]
[SourceTitle "CBM 185 Extra"]
[Source "ChessBase"]
[SourceDate "2018.06.29"]
[SourceVersion "1"]
[SourceVersionDate "2018.06.29"]
[SourceQuality "1"]

1. d4 Nf6 2. c4 g6 3. Nc3 Bg7 4. e4 d6 5. Nge2 O-O 6. Ng3 e5 7. d5 a5 8. Be2
Na6 9. h4 h5 10. Bg5 Qe8 11. Qd2 Nc5 12. Bh6 Ng4 13. Bxg7 Kxg7 14. f3 Nf6 15.
Qg5 Rh8 16. O-O-O Bd7 17. Rdg1 Qd8 18. Nf1 Nh7 19. Qd2 Nf6 20. Qe3 Ne8 21. Qf2
Nf6 22. Nd2 Qc8 23. Qe1 Rb8 24. Qd1 b6 25. Kc2 Ra8 26. g4 Kf8 27. g5 Ng8 28. f4
Qe8 29. Rf1 Kg7 30. f5 Qc8 31. fxg6 fxg6 32. Rf3 Rh7 33. Rhf1 Kh8 34. R1f2 Bg4
35. Rg3 Bh3 36. Qh1 Bd7 37. Qf1 Qe8 38. Rgf3 Qe7 39. Rf7 Rxf7 40. Rxf7 Qd8 41.
Bxh5 gxh5 42. g6 Nf6 43. Rxf6 Qg8 44. Nf3 Qg7 45. Ng5 Kg8 46. Ne6 Bxe6 47. dxe6
Rf8 48. Rf7 Rxf7 49. exf7+ Kf8 50. Qf5 Qh6 51. Qc8+ Ke7 52. Nd5# 1-0

[Event "GBR-ch105 Major Open"]
[Site "Hull"]
[Date "2018.07.28"]
[Round "1"]
[White "Sivarajasingam, Shayanna"]
[Black "Rice, Christopher B"]
[Result "1/2-1/2"]
[WhiteElo "1780"]
[BlackElo "1972"]
[PlyCount "82"]
[EventDate "2018.07.28"]
[EventType "swiss"]
[EventRounds "9"]
[EventCountry "GBR"]
[SourceTitle "CBM 185 Extra"]
[Source "ChessBase"]
[SourceDate "2018.06.29"]
[SourceVersion "1"]
[SourceVersionDate "2018.06.29"]
[SourceQuality "1"]

1. e4 e6 2. d4 a6 3. Nf3 d5 4. e5 Bd7 5. c3 Bb5 6. Bxb5+ axb5 7. Qb3 Qd7 8. Be3
Ne7 9. Na3 c6 10. Nc2 Ra4 11. Nb4 Nc8 12. Nd3 b6 13. a3 Na6 14. Qc2 c5 15. O-O
c4 16. Nb4 Nxb4 17. axb4 Qa7 18. Rxa4 bxa4 19. Ra1 b5 20. Nd2 Be7 21. Nb1 Kd7
22. Na3 Kc6 23. f4 f5 24. Qf2 Bd8 25. g3 Nb6 26. Rf1 Qf7 27. Qf3 h6 28. Kf2 g5
29. Ke2 Qg6 30. Kd2 g4 31. Qg2 h5 32. Kc2 h4 33. Qe2 hxg3 34. hxg3 Rh3 35. Rg1
Qh7 36. Rg2 Na8 37. Bg1 Nc7 38. Bh2 Be7 39. Kb1 Na6 40. Qd2 Kb6 41. Nc2 Nb8
1/2-1/2

[Event "GBR-ch105 Major Open"]
[Site "Hull"]
[Date "2018.07.28"]
[Round "1"]
[White "Sivarajasingam, Venetia"]
[Black "Starley, Robert"]
[Result "0-1"]
[WhiteElo "1843"]
[BlackElo "2107"]
[PlyCount "75"]
[EventDate "2018.07.28"]
[EventType "swiss"]
[EventRounds "9"]
[EventCountry "GBR"]
[SourceTitle "CBM 185 Extra"]
[Source "ChessBase"]
[SourceDate "2018.06.29"]
[SourceVersion "1"]
[SourceVersionDate "2018.06.29"]
[SourceQuality "1"]

1. e4 e5 2. Nf3 Nc6 3. Bb5 a6 4. Ba4 Nf6 5. O-O Be7 6. Qe2 b5 7. Bb3 O-O 8. c3
d5 9. d3 d4 10. cxd4 Nxd4 11. Nxd4 Qxd4 12. Be3 Qd6 13. Nc3 Rd8 14. Rad1 Ng4
15. Bc1 c6 16. f3 Nf6 17. Qf2 a5 18. f4 a4 19. fxe5 Qxe5 20. d4 Qh5 21. Bc2 Ng4
22. Qg3 Bh4 23. Qf3 Bf6 24. h3 Bxd4+ 25. Be3 c5 26. Bxd4 cxd4 27. Nxb5 d3 28.
Bxd3 Qc5+ 29. Kh1 Ne5 30. Qf4 Ba6 31. Rc1 Qe7 32. Be2 Rab8 33. Rc7 Qe6 34. Nc3
Bxe2 35. Nxe2 Rxb2 36. Nd4 Qg6 37. g4 Qd6 38. Rd1 0-1

[Event "GBR-ch105 Major Open"]
[Site "Hull"]
[Date "2018.07.28"]
[Round "1"]
[White "Smith, Andrew Philip"]
[Black "Johnson, Paul A"]
[Result "1-0"]
[WhiteElo "2102"]
[BlackElo "1842"]
[PlyCount "49"]
[EventDate "2018.07.28"]
[EventType "swiss"]
[EventRounds "9"]
[EventCountry "GBR"]
[SourceTitle "CBM 185 Extra"]
[Source "ChessBase"]
[SourceDate "2018.06.29"]
[SourceVersion "1"]
[SourceVersionDate "2018.06.29"]
[SourceQuality "1"]

1. e4 c5 2. Nf3 d6 3. d4 cxd4 4. Nxd4 Nf6 5. Nc3 g6 6. Be3 Bg7 7. f3 Nc6 8. Qd2
O-O 9. Bc4 Bd7 10. O-O-O a6 11. h4 h5 12. Kb1 Rc8 13. Bb3 Ne5 14. g4 Nc4 15.
Bxc4 Rxc4 16. gxh5 Nxh5 17. Rhg1 Kh7 18. Rg5 Bh6 19. Rxh5 gxh5 20. Bxh6 Rxd4
21. Qxd4 Kxh6 22. Qd2+ Kh7 23. Qg5 Qb6 24. Qxh5+ Kg7 25. Qg5+ 1-0

[Event "GBR-ch105 Major Open"]
[Site "Hull"]
[Date "2018.07.28"]
[Round "1"]
[White "Stoyanov, Viktor"]
[Black "Camp, Imogen AL"]
[Result "1-0"]
[WhiteElo "2177"]
[BlackElo "1874"]
[PlyCount "181"]
[EventDate "2018.07.28"]
[EventType "swiss"]
[EventRounds "9"]
[EventCountry "GBR"]
[SourceTitle "CBM 185 Extra"]
[Source "ChessBase"]
[SourceDate "2018.06.29"]
[SourceVersion "1"]
[SourceVersionDate "2018.06.29"]
[SourceQuality "1"]

1. Nf3 d5 2. c4 e6 3. g3 Nf6 4. Bg2 dxc4 5. Qa4+ Nbd7 6. Qxc4 a6 7. O-O b5 8.
Qc2 Bb7 9. b3 Be7 10. Bb2 O-O 11. d3 c5 12. Nbd2 Qb6 13. Rac1 Rac8 14. Rfd1
Rfd8 15. Qb1 Bd6 16. d4 cxd4 17. Bxd4 Bc5 18. Qb2 Bxd4 19. Qxd4 Qxd4 20. Nxd4
Bxg2 21. Kxg2 Ne5 22. N2f3 Ng6 23. Re1 Kf8 24. Nc6 Rd6 25. Nb4 Rcd8 26. Rc5 Ne4
27. Rc7 Ne7 28. Rec1 a5 29. Nc6 Nxc6 30. R1xc6 Rxc6 31. Rxc6 b4 32. e3 Rd5 33.
Rc4 Nd6 34. Rc2 Ne4 35. Nd4 Ke8 36. Kf3 Nc3 37. a3 Rc5 38. axb4 axb4 39. e4 e5
40. Nf5 g6 41. Nd6+ Ke7 42. Nc4 Nb5 43. Ra2 Nd4+ 44. Kg2 Nxb3 45. Ne3 Kd6 46.
Rb2 Nd4 47. Rxb4 Nc2 48. Rb6+ Kc7 49. Rf6 Nxe3+ 50. fxe3 Rc2+ 51. Kh3 Re2 52.
Rxf7+ Kd8 53. Rxh7 Rxe3 54. Rg7 Rxe4 55. Rxg6 Ke7 56. Rh6 Kf7 57. g4 Re1 58.
Kg2 e4 59. Kf2 Ra1 60. h3 Ra3 61. g5 Ra5 62. h4 Re5 63. Ke3 Kg7 64. Rd6 Re8 65.
Rd4 Kg6 66. Rxe4 Rh8 67. Kf3 Kh5 68. Kg3 Ra8 69. Re6 Ra3+ 70. Kf4 Ra4+ 71. Kf5
Kxh4 72. Rh6+ Kg3 73. g6 Ra5+ 74. Kf6 Kg4 75. g7 Ra6+ 76. Kf7 Rxh6 77. g8=Q+
Kf5 78. Qc8+ Kg5 79. Qc5+ Kg4 80. Qd5 Rh3 81. Kg6 Rf3 82. Qe4+ Kg3 83. Kg5 Kf2
84. Kg4 Re3 85. Qd4 Ke2 86. Kf4 Rd3 87. Qc4 Kd2 88. Ke4 Rc3 89. Qa2+ Rc2 90.
Qa5+ Kd1 91. Kd3 1-0

[Event "GBR-ch105 Major Open"]
[Site "Hull"]
[Date "2018.07.28"]
[Round "1"]
[White "Taylor, Adam A"]
[Black "Ruane, Brendan J"]
[Result "1-0"]
[WhiteElo "2146"]
[BlackElo "1868"]
[PlyCount "67"]
[EventDate "2018.07.28"]
[EventType "swiss"]
[EventRounds "9"]
[EventCountry "GBR"]
[SourceTitle "CBM 185 Extra"]
[Source "ChessBase"]
[SourceDate "2018.06.29"]
[SourceVersion "1"]
[SourceVersionDate "2018.06.29"]
[SourceQuality "1"]

1. Nf3 c5 2. c4 Nf6 3. Nc3 e6 4. g3 b6 5. Bg2 Bb7 6. O-O Be7 7. Re1 O-O 8. e4
d6 9. d4 cxd4 10. Nxd4 Qc8 11. b3 a6 12. Bb2 Nbd7 13. Rc1 Qc7 14. h3 Rac8 15.
Qd2 Rfe8 16. Kh2 Qb8 17. Rcd1 Bf8 18. f4 Ba8 19. Nf3 b5 20. cxb5 axb5 21. Qd3
b4 22. Na4 Bc6 23. e5 Bb5 24. Qb1 Nd5 25. Ng5 g6 26. Rxd5 exd5 27. Bxd5 Bxa4
28. e6 Rxe6 29. Rxe6 Bg7 30. Rxg6 hxg6 31. Qxg6 Ne5 32. Bxe5 Rc2+ 33. Qxc2 dxe5
34. Bxf7+ 1-0

[Event "GBR-ch105 Major Open"]
[Site "Hull"]
[Date "2018.07.28"]
[Round "1"]
[White "Teh, Eu Wen Aron"]
[Black "Anilkumar, Anantha P"]
[Result "1-0"]
[WhiteElo "2286"]
[BlackElo "1903"]
[PlyCount "61"]
[EventDate "2018.07.28"]
[EventType "swiss"]
[EventRounds "9"]
[EventCountry "GBR"]
[SourceTitle "CBM 185 Extra"]
[Source "ChessBase"]
[SourceDate "2018.06.29"]
[SourceVersion "1"]
[SourceVersionDate "2018.06.29"]
[SourceQuality "1"]

1. d4 Nf6 2. c4 g6 3. Nc3 d5 4. cxd5 Nxd5 5. e4 Nxc3 6. bxc3 Bg7 7. Nf3 c5 8.
Rb1 O-O 9. Be2 cxd4 10. cxd4 Qa5+ 11. Bd2 Qxa2 12. O-O Bg4 13. Bg5 Nd7 14. h3
Bxf3 15. Bxf3 f6 16. Bd2 Nb6 17. Bb4 Rfe8 18. Qd3 e5 19. Bd1 Kh8 20. Bb3 Qa6
21. Qxa6 bxa6 22. d5 a5 23. Bxa5 Bf8 24. Rfc1 Rec8 25. Rc6 Rxc6 26. dxc6 Rc8
27. Bd5 Bc5 28. Rb5 Bd4 29. Bb4 Kg7 30. Bd6 a6 31. Rb1 1-0

[Event "GBR-ch105 Major Open"]
[Site "Hull"]
[Date "2018.07.28"]
[Round "1"]
[White "Thatte, Nishchal"]
[Black "Forster, Matthew"]
[Result "0-1"]
[WhiteElo "1748"]
[BlackElo "1940"]
[PlyCount "98"]
[EventDate "2018.07.28"]
[EventType "swiss"]
[EventRounds "9"]
[EventCountry "GBR"]
[SourceTitle "CBM 185 Extra"]
[Source "ChessBase"]
[SourceDate "2018.06.29"]
[SourceVersion "1"]
[SourceVersionDate "2018.06.29"]
[SourceQuality "1"]

1. e4 c5 2. c3 d5 3. exd5 Qxd5 4. d4 g6 5. Nf3 Bg7 6. Be3 cxd4 7. cxd4 Nh6 8.
Qc1 Bg4 9. Bxh6 Bxh6 10. Qxh6 Bxf3 11. gxf3 Qxf3 12. Qh3 Qe4+ 13. Kd1 Nc6 14.
Bg2 Qxd4+ 15. Nd2 O-O 16. Qe3 Qd6 17. Bxc6 Qxc6 18. Qf3 Qa4+ 19. Ke1 Rfd8 20.
Qe4 Rd4 21. Qe2 Rad8 22. b3 Qa5 23. Rd1 R8d6 24. Kf1 Rxd2 25. Rxd2 Qxd2 26.
Qxe7 Qd1+ 27. Qe1 Rd2 28. Rg1 Qxe1+ 29. Kxe1 Rxa2 30. Rg3 Rb2 31. Re3 a6 32.
Rf3 Kg7 33. Kd1 g5 34. Kc1 Ra2 35. Kd1 Kg6 36. Ke1 Rb2 37. Rh3 h5 38. Rf3 g4
39. Rg3 f5 40. h4 Rb1+ 41. Ke2 Rh1 42. Rc3 Rxh4 43. Rc7 Rh1 44. Rxb7 Ra1 45.
Ke3 Re1+ 46. Kf4 Re4+ 47. Kg3 f4+ 48. Kh4 Re1 49. Rb6+ Kf5 0-1

[Event "GBR-ch105 Major Open"]
[Site "Hull"]
[Date "2018.07.28"]
[Round "1"]
[White "Turner, Tim M"]
[Black "Jayawarna, Nugith"]
[Result "0-1"]
[WhiteElo "1805"]
[BlackElo "2013"]
[PlyCount "98"]
[EventDate "2018.07.28"]
[EventType "swiss"]
[EventRounds "9"]
[EventCountry "GBR"]
[SourceTitle "CBM 185 Extra"]
[Source "ChessBase"]
[SourceDate "2018.06.29"]
[SourceVersion "1"]
[SourceVersionDate "2018.06.29"]
[SourceQuality "1"]

1. d4 Nf6 2. Nf3 g6 3. c4 Bg7 4. Nc3 d6 5. e4 O-O 6. Be2 e5 7. O-O Nc6 8. d5
Ne7 9. Ne1 Ne8 10. Be3 f5 11. f3 f4 12. Bf2 g5 13. c5 h5 14. Rc1 Ng6 15. a4 Bh6
16. Nd3 Nh4 17. Bxh4 gxh4 18. h3 Kh8 19. Kh1 Qg5 20. Rg1 Rg8 21. cxd6 cxd6 22.
Nb5 Bd7 23. Nc7 Nxc7 24. Rxc7 Qd8 25. Rxb7 Qc8 26. Rxd7 Qxd7 27. b4 Rg3 28. Kh2
a5 29. bxa5 Rxa5 30. Nb2 Rc5 31. Bb5 Qc7 32. Bc6 Bg5 33. Qd2 Bd8 34. Nd3 Rc4
35. Rb1 Qa7 36. Bb5 Rc7 37. Qb2 Rcg7 38. Nb4 Rxg2+ 39. Qxg2 Rxg2+ 40. Kxg2 Qg7+
41. Kh1 Qg3 42. Bf1 Qxf3+ 43. Bg2 Qc3 44. Nc6 f3 45. Bf1 Bc7 46. Rb7 Qe1 47.
Kg1 Qg3+ 48. Kh1 Qf2 49. Rb1 Bb6 0-1

[Event "GBR-ch105 Major Open"]
[Site "Hull"]
[Date "2018.07.28"]
[Round "1"]
[White "Vleeshhouwer, Douglas"]
[Black "Lovell, William PM"]
[Result "1/2-1/2"]
[WhiteElo "1946"]
[BlackElo "1754"]
[PlyCount "48"]
[EventDate "2018.07.28"]
[EventType "swiss"]
[EventRounds "9"]
[EventCountry "GBR"]
[SourceTitle "CBM 185 Extra"]
[Source "ChessBase"]
[SourceDate "2018.06.29"]
[SourceVersion "1"]
[SourceVersionDate "2018.06.29"]
[SourceQuality "1"]

1. e4 c6 2. d4 d5 3. exd5 cxd5 4. c4 Nf6 5. Nc3 Nc6 6. Nf3 g6 7. cxd5 Nxd5 8.
Qb3 Nxc3 9. bxc3 Bg7 10. Bb5 O-O 11. Bxc6 bxc6 12. O-O c5 13. Ba3 cxd4 14. cxd4
Be6 15. Qe3 Re8 16. Bc5 Bd5 17. Ne5 Qc7 18. a4 a5 19. Rab1 Ra6 20. Rfe1 Re6 21.
Qc3 Bxe5 22. Rxe5 Rxe5 23. dxe5 Rc8 24. Rc1 e6 1/2-1/2

[Event "GBR-ch105 Major Open"]
[Site "Hull"]
[Date "2018.07.28"]
[Round "1"]
[White "Warren, Alexander"]
[Black "Collins, Jonathan L"]
[Result "0-1"]
[WhiteElo "2011"]
[BlackElo "1804"]
[PlyCount "56"]
[EventDate "2018.07.28"]
[EventType "swiss"]
[EventRounds "9"]
[EventCountry "GBR"]
[SourceTitle "CBM 185 Extra"]
[Source "ChessBase"]
[SourceDate "2018.06.29"]
[SourceVersion "1"]
[SourceVersionDate "2018.06.29"]
[SourceQuality "1"]

1. d4 Nf6 2. Bf4 c5 3. d5 d6 4. Nc3 Qa5 5. Bd2 Qc7 6. e4 a6 7. a4 e6 8. Bc4 Be7
9. f4 exd5 10. exd5 Nbd7 11. Nf3 Nb6 12. Ba2 Bf5 13. O-O O-O 14. a5 Nbd7 15.
Bc4 Rfe8 16. Na4 Ne4 17. Be1 h6 18. Ra3 Bf6 19. Rb3 Re7 20. Kh1 Rae8 21. Nd2 g6
22. Nxe4 Bxe4 23. Nc3 Bxc2 24. Qxc2 Rxe1 25. Qf2 Rxf1+ 26. Qxf1 Qxa5 27. Rxb7
Nb6 28. Be2 Bxc3 0-1

[Event "GBR-ch105 Major Open"]
[Site "Hull"]
[Date "2018.07.28"]
[Round "1"]
[White "Watson, Steven L"]
[Black "Guha, Chirag"]
[Result "0-1"]
[WhiteElo "1613"]
[BlackElo "1912"]
[PlyCount "97"]
[EventDate "2018.07.28"]
[EventType "swiss"]
[EventRounds "9"]
[EventCountry "GBR"]
[SourceTitle "CBM 185 Extra"]
[Source "ChessBase"]
[SourceDate "2018.06.29"]
[SourceVersion "1"]
[SourceVersionDate "2018.06.29"]
[SourceQuality "1"]

1. e4 e5 2. Nf3 Nc6 3. Bc4 Nf6 4. Ng5 d5 5. exd5 Na5 6. Bb5+ c6 7. dxc6 bxc6 8.
Be2 h6 9. Nh3 Bxh3 10. gxh3 Bc5 11. d3 Qb6 12. O-O Rd8 13. Nc3 Bd6 14. Bf3 Nb7
15. Be3 Qc7 16. Ne4 Nd5 17. Nxd6+ Rxd6 18. Kh1 Qd7 19. Rg1 g6 20. Rg3 f5 21.
Bd2 f4 22. Bg4 Qf7 23. Rg1 O-O 24. Qe2 Re8 25. Rae1 Kh7 26. Bf3 Qf6 27. Qf1 Nd8
28. Qg2 Ne6 29. Be4 Ng5 30. c4 Nxe4 31. Qxe4 Nc7 32. Bc3 Rde6 33. Rg4 h5 34.
Rg2 Na6 35. b4 Nc7 36. Reg1 R8e7 37. Rg5 Ne8 38. Rxh5+ Kg7 39. Rhg5 Kf7 40. c5
Qg7 41. Re1 Nf6 42. Qe2 e4 43. Reg1 exd3 44. Qf3 Rd7 45. Bd2 Ne4 46. Qxf4+ Kg8
47. R1g2 Rf7 48. Qb8+ Rf8 49. Rxg6 0-1

[Event "GBR-ch105 Major Open"]
[Site "Hull"]
[Date "2018.07.28"]
[Round "1"]
[White "Whitehead, Mark A"]
[Black "Robertson, Jim"]
[Result "1-0"]
[WhiteElo "1906"]
[BlackElo "1604"]
[PlyCount "57"]
[EventDate "2018.07.28"]
[EventType "swiss"]
[EventRounds "9"]
[EventCountry "GBR"]
[SourceTitle "CBM 185 Extra"]
[Source "ChessBase"]
[SourceDate "2018.06.29"]
[SourceVersion "1"]
[SourceVersionDate "2018.06.29"]
[SourceQuality "1"]

1. e4 c6 2. d4 d5 3. Nd2 dxe4 4. Nxe4 Bf5 5. Ng3 Bg6 6. Bc4 e6 7. N1e2 Bd6 8.
Nf4 Bxf4 9. Bxf4 Nf6 10. O-O O-O 11. c3 Nd5 12. Bd2 Nd7 13. Qf3 N7f6 14. Bb3 b5
15. Rfe1 a5 16. Bg5 Qd7 17. Rac1 Rfe8 18. Bc2 Rac8 19. Bxg6 hxg6 20. b3 Qa7 21.
c4 Nh7 22. cxd5 Nxg5 23. Qg4 Nh7 24. dxe6 f6 25. Qxg6 Nf8 26. Qg4 Rc7 27. Nh5
Kh8 28. Nxf6 gxf6 29. Qh5+ 1-0

[Event "GBR-ch105 Major Open"]
[Site "Hull"]
[Date "2018.07.28"]
[Round "1"]
[White "Yoon, Jacob D"]
[Black "Kirupakaran, Vishnu"]
[Result "1-0"]
[WhiteElo "2039"]
[BlackElo "1812"]
[PlyCount "85"]
[EventDate "2018.07.28"]
[EventType "swiss"]
[EventRounds "9"]
[EventCountry "GBR"]
[SourceTitle "CBM 185 Extra"]
[Source "ChessBase"]
[SourceDate "2018.06.29"]
[SourceVersion "1"]
[SourceVersionDate "2018.06.29"]
[SourceQuality "1"]

1. e4 c5 2. Nf3 d6 3. c3 Nf6 4. Be2 g6 5. O-O Bg7 6. Qc2 O-O 7. d4 cxd4 8. cxd4
d5 9. e5 Ne4 10. Nc3 Nxc3 11. bxc3 Nc6 12. a4 Na5 13. Ba3 Bf5 14. Qb2 Rc8 15.
Nd2 Qc7 16. Rac1 Bh6 17. f4 Rfd8 18. Kh1 Qd7 19. Bb5 Nc6 20. Nb3 a6 21. Nc5 Qc7
22. Bxc6 bxc6 23. Nxa6 Qa7 24. Nc5 Rb8 25. Bb4 f6 26. e6 Ra8 27. a5 Qb8 28. Qf2
Ra7 29. Rce1 Qb5 30. Re3 Rd6 31. Rfe1 Rd8 32. h3 Qb8 33. g3 Kg7 34. Kh2 Re8 35.
R1e2 Bb1 36. Rb2 Bf5 37. Re1 Qc7 38. a6 Rb8 39. Ra2 Rc8 40. Ba5 Qd6 41. Bb6
Raa8 42. a7 Rh8 43. Nb7 1-0

[Event "GBR-ch105 Major Open"]
[Site "Hull"]
[Date "2018.07.29"]
[Round "2"]
[White "Akeya Price, Robert A"]
[Black "Vleeshhouwer, Douglas"]
[Result "1/2-1/2"]
[WhiteElo "1820"]
[BlackElo "1946"]
[PlyCount "45"]
[EventDate "2018.07.28"]
[EventType "swiss"]
[EventRounds "9"]
[EventCountry "GBR"]
[SourceTitle "CBM 185 Extra"]
[Source "ChessBase"]
[SourceDate "2018.06.29"]
[SourceVersion "1"]
[SourceVersionDate "2018.06.29"]
[SourceQuality "1"]

1. d4 Nf6 2. c4 g6 3. Nc3 Bg7 4. e4 d6 5. f3 O-O 6. Be3 e5 7. d5 a5 8. Nge2 Ne8
9. Qd2 f5 10. g3 Nf6 11. O-O-O fxe4 12. Nxe4 Nxe4 13. fxe4 Bg4 14. Bg2 Nd7 15.
Rdf1 Nb6 16. Rxf8+ Qxf8 17. Rf1 Qe8 18. Qc2 Qa4 19. Qxa4 Nxa4 20. Rf2 Rf8 21.
Rxf8+ Kxf8 22. Ng1 Ke7 23. Kc2 1/2-1/2

[Event "GBR-ch105 Major Open"]
[Site "Hull"]
[Date "2018.07.29"]
[Round "2"]
[White "Anilkumar, Anantha P"]
[Black "Sivarajasingam, Shayanna"]
[Result "1/2-1/2"]
[WhiteElo "1903"]
[BlackElo "1780"]
[PlyCount "51"]
[EventDate "2018.07.28"]
[EventType "swiss"]
[EventRounds "9"]
[EventCountry "GBR"]
[SourceTitle "CBM 185 Extra"]
[Source "ChessBase"]
[SourceDate "2018.06.29"]
[SourceVersion "1"]
[SourceVersionDate "2018.06.29"]
[SourceQuality "1"]

1. d4 d5 2. c4 e6 3. Nc3 Nf6 4. Bg5 Be7 5. e3 O-O 6. Nf3 h6 7. Bh4 Ne4 8. Bxe7
Qxe7 9. Bd3 Nxc3 10. bxc3 dxc4 11. Bxc4 c5 12. O-O b6 13. Qe2 Bb7 14. Ne5 Rd8
15. f4 Nd7 16. Nxd7 Rxd7 17. f5 e5 18. f6 gxf6 19. Qg4+ Kh8 20. Qh4 Kg7 21.
Qg4+ Kh8 22. Qh4 Kg7 23. d5 Bxd5 24. Bxd5 Rxd5 25. Rf3 e4 26. Rf4 1/2-1/2

[Event "GBR-ch105 Major Open"]
[Site "Hull"]
[Date "2018.07.29"]
[Round "2"]
[White "Boswell, Jacob Connor"]
[Black "Karia, Rishul"]
[Result "1-0"]
[WhiteElo "1992"]
[BlackElo "1836"]
[PlyCount "61"]
[EventDate "2018.07.28"]
[EventType "swiss"]
[EventRounds "9"]
[EventCountry "GBR"]
[SourceTitle "CBM 185 Extra"]
[Source "ChessBase"]
[SourceDate "2018.06.29"]
[SourceVersion "1"]
[SourceVersionDate "2018.06.29"]
[SourceQuality "1"]

1. e4 e5 2. Nf3 Nc6 3. Bc4 Nf6 4. d3 Be7 5. O-O O-O 6. Re1 d6 7. c3 Bg4 8. h3
Bh5 9. Nbd2 Qd7 10. a4 h6 11. Nf1 Na5 12. Ba2 c5 13. Ng3 Bg6 14. d4 cxd4 15.
cxd4 Nc6 16. Bd2 Rac8 17. Bc3 Qc7 18. Rc1 Nxd4 19. Nxd4 exd4 20. Qxd4 Qc5 21.
Nf5 Bxf5 22. exf5 Bd8 23. Qf4 Nd5 24. Qg4 Nxc3 25. Rxc3 Qa5 26. b4 Qxa4 27. f6
g5 28. Bxf7+ Rxf7 29. Rxc8 Qd7 30. Qxd7 Rxd7 31. Re8+ 1-0

[Event "GBR-ch105 Major Open"]
[Site "Hull"]
[Date "2018.07.29"]
[Round "2"]
[White "Brown, Tom"]
[Black "Hubbard, Michael"]
[Result "0-1"]
[WhiteElo "1781"]
[BlackElo "1888"]
[PlyCount "78"]
[EventDate "2018.07.28"]
[EventType "swiss"]
[EventRounds "9"]
[EventCountry "GBR"]
[SourceTitle "CBM 185 Extra"]
[Source "ChessBase"]
[SourceDate "2018.06.29"]
[SourceVersion "1"]
[SourceVersionDate "2018.06.29"]
[SourceQuality "1"]

1. d4 d6 2. Nf3 Bg4 3. e4 Nf6 4. h3 Bh5 5. Nc3 c6 6. g4 Bg6 7. Qe2 e6 8. Bg2
Be7 9. Nd2 d5 10. Nb3 a5 11. a4 Na6 12. Bd2 Nb4 13. O-O-O Qb6 14. f4 dxe4 15.
Nxe4 O-O-O 16. Rhf1 h5 17. f5 exf5 18. gxf5 Bh7 19. Ng5 Rhe8 20. Nxf7 Rd7 21.
Ne5 Rdd8 22. Bxb4 Bxb4 23. Qf3 Bg8 24. Nd3 Bxb3 25. Nxb4 Bxa4 26. Na2 Bb5 27.
Rfe1 Rxe1 28. Rxe1 Qxd4 29. Rd1 Qxd1+ 30. Qxd1 Rxd1+ 31. Kxd1 Bc4 32. Nc3 Kd7
33. Kd2 Kd6 34. b3 Bg8 35. Ke3 Ke5 36. Ne4 Nxe4 37. Bxe4 Bd5 38. Bd3 h4 39. c4
Bg2 0-1

[Event "GBR-ch105 Major Open"]
[Site "Hull"]
[Date "2018.07.29"]
[Round "2"]
[White "Camp, Imogen AL"]
[Black "Metcalfe, Charles P"]
[Result "1-0"]
[WhiteElo "1874"]
[BlackElo "1762"]
[PlyCount "71"]
[EventDate "2018.07.28"]
[EventType "swiss"]
[EventRounds "9"]
[EventCountry "GBR"]
[SourceTitle "CBM 185 Extra"]
[Source "ChessBase"]
[SourceDate "2018.06.29"]
[SourceVersion "1"]
[SourceVersionDate "2018.06.29"]
[SourceQuality "1"]

1. d4 d5 2. c4 dxc4 3. e3 Nf6 4. Bxc4 e6 5. Nf3 a6 6. a4 c5 7. O-O Nc6 8. Nc3
Be7 9. b3 O-O 10. Bb2 Qc7 11. Qe2 Rd8 12. Rfd1 b6 13. Rac1 Bb7 14. d5 exd5 15.
Nxd5 Nxd5 16. Bxd5 Na5 17. Be5 Qc8 18. Bxb7 Qxb7 19. Qb2 f6 20. Bc3 Rd5 21. b4
Rxd1+ 22. Rxd1 cxb4 23. Bxb4 Bxb4 24. Qxb4 Qc7 25. h3 Rc8 26. Rb1 Rb8 27. Nd4
g6 28. Ne6 Qd7 29. Qf4 Re8 30. Nc7 g5 31. Nxe8 Qxe8 32. Qxf6 Qxa4 33. Qxg5+ Kf7
34. Rxb6 Qa1+ 35. Kh2 Qc3 36. Qf5+ 1-0